000 01113nam a22002657i 4500
999 _c23110
_d23110
003 AR-CdUCM
008 241104b20182018 pe||||| |||| 00| 0 spa d
040 _aMUNICIPALIDAD PROVINCIAL DEL CUSCO
_cBIBLIOTECA MUNICIPAL DEL CUSCO
041 _hspa
082 _a869.521 / G96
_bG96
100 _aGutiérrez Samanez, Julio
_946146
245 _aInca Garcilazo :
_bCusqueño del siglo XXI /
260 _aCusco :
_c2018
300 _a72 páginas. :
_c24 cm
500 _zBibliografía: página 68
505 _aAproximación iconográfica al Inca Garcilaso -- La traducción garcilasiana de tres diálogos de amor de León hebreo -- Inca Garcilaso de la Vega y los descendientes del Cusco -- Un vaso de chicha de maíz para el sol, Notas etnohistóricas sobre el Inca Garcilaso de la Vega -- Identidad y Literatura
650 _aHistoria
_950772
650 _aInvestigación
_91940
650 _aChicha
_950773
700 _aRado Yáñez, Carlos
_947288
700 _aAmado Gonzales, Donato
_945219
700 _aHerrera Villagra, Alejandro
_91296
942 _2ddc
_cLIBROS
945 _apbj
_d04-11-2024